000 00315nam a2200133Ia 4500
008 191201s2008 xx 000 0 und d
100 _aSASI KUMAR, V.
245 0 _aCourse in Listening & Speaking II
250 _arep.
260 _bFoundation Books
_c2008
300 _a186
650 _aApplied
942 _2ddc
_cBK
999 _c4369
_d4369